| 000 | 01083cam a2200361Ka 4500 | ||
|---|---|---|---|
| 001 | 91317 | ||
| 005 | 20230410132921.0 | ||
| 008 | 100414s19779999sp s 000 j spa d | ||
| 035 | _a(OCoLC)ocn180990304 | ||
| 040 |
_aUIA _bspa _cUIA |
||
| 020 | _a8424922859 (obra completa) | ||
| 020 | _a9788424922856 (obra completa) | ||
| 020 | _a8424908848 (v. 1) | ||
| 020 | _a8424908856 (v. 2) | ||
| 020 | _a9788424908850 (v. 2) | ||
| 035 | _a(OCoLC)180990304 | ||
| 041 | 1 |
_aspa _hlat |
|
| 050 | 1 | 4 |
_aB 171 _bB582 1977 |
| 049 | _aGRAL | ||
| 130 | 1 | _aBiblioteca Clásica Gredos | |
| 245 | 1 | 4 |
_aLos gnósticos / _cintroducciones, traducción y notas José Montserrat Torrents |
| 250 | _a1a ed., 3a reimpr. | ||
| 260 |
_aMadrid : _bGredos, _c1977. |
||
| 300 |
_av.<1-2> ; _c20 cm |
||
| 440 | 0 |
_aBiblioteca clásica Gredos ; _vn.59-60 |
|
| 504 | _aIncluye referencias bibliográficas e índices. | ||
| 650 | 0 | _aPhilosophy, Classical. | |
| 650 | 0 | _aPhilosophy, Ancient. | |
| 700 | 1 | _aTorrents, José Montserrat | |
| 942 |
_2lcc _cbk |
||
| 994 |
_aC0 _bDRFGD |
||
| 946 | _asadt | ||
| 999 |
_c90156 _d90156 |
||